Me muero - Carlos Rivera (Letra / Lirycs) - Estadísticas

Estadísticas generales
  • Esta prueba ha sido intentada 22 veces
  • La puntuación promedio es 141 de 242
Estadísticas de respuestas
Respuesta % Correcto
Me
100%
me
100%
muero
100%
por
95%
Por
95%
a
81%
amor
71%
De
71%
de
71%
que
71%
Qué
71%
Que
71%
Si
71%
si
71%
Y
71%
y
71%
el
62%
la
57%
La
57%
se
57%
ti
57%
ver
57%
lo
52%
Lo
52%
O
52%
no
48%
cuando
43%
es
43%
sea
38%
Tal
38%
tal
38%
un
38%
yo
38%
beso
33%
corazón
33%
muera
33%
porque
33%
quiero
33%
vez
33%
atrevería
29%
pierda
29%
razón
29%
robarte
29%
vida
29%
Ya
29%
así
24%
contigo
24%
Dios
24%
miedo
24%
nos
24%
Tus
24%
va
24%
viaje
24%
alma
19%
amar
19%
andar
19%
apurar
19%
debe
19%
despacio
19%
disfrutar
19%
eso
19%
Pedirle
19%
prisa
19%
queda
19%
sabes
19%
tiempo
19%
una
19%
vivir
19%
vuelva
19%
cambie
14%
contemplar
14%
cruzar
14%
eternidad
14%
llena
14%
luna
14%
memoria
14%
ojos
14%
pasa
14%
puede
14%
quede
14%
recuerdo
14%
saturar
14%
sólo
14%
No se encontraron pruebas coincidentes
Distribución de puntuación
Porcentaje de gente con cada puntuación
Porcentaje por número respondido
Historial de tus puntuaciones
No has intentado esta prueba.